| 000 | 00782nam a22002417a 4500 | ||
|---|---|---|---|
| 999 |
_c65525 _d65525 |
||
| 005 | 20240530110829.0 | ||
| 008 | 190903s2004 ua a g b 000 0 ara d | ||
| 017 |
_a2004/14872 _bمصر. دار الكتب |
||
| 020 | _a9775732425 | ||
| 040 |
_aEG-CaGPL _cEG-CaGPL |
||
| 082 | 0 | 4 |
_221 _a239.6\ _bخ أ |
| 100 | 0 | _aخالد محمد خالد | |
| 245 | 1 | 0 |
_aانسانيات محمد صلى الله عليه وسلم / _cخالد محمد خالد |
| 250 | _aط.2 | ||
| 260 |
_aالقاهرة : _c2004 |
||
| 300 |
_a142 ص. ؛ _c24 سم. |
||
| 650 | 0 | 7 |
_2qrmak _aالسيرة النبوية |
| 650 | 0 | 7 | _aاخلاق الرسول |
| 650 | 0 | 7 | _aالاخلاق الاسلامية |
| 651 | _2qrmak | ||
| 942 |
_2ddc _cBK |
||